000 01099nam a22002057a 4500
999 _c13818
_d13818
003 AR-CdUCM
008 190416b ||||| |||| 00| 0 spa d
040 _aMUNICIPALIDAD PROVINCIAL DEL CUSCO
_cBIBLIOTECA MUNICIPAL DEL CUSCO
082 _aC / 193 /
_bA83
100 _aAstete Abrill, M. Antonio
_929959
245 _aUna perspectiva en la filosofía de Spengler /
260 _aCuzco :
_b: H.G Rozas S.A ,
_c1955.
300 _a314 páginas ;
_c24 cm.
505 _aContenido : Una filosofía afilosofica -- Los fundamentos del profetismo Historico de Splenger -- El Sentido de los Números -- La Problemática Fundamental de la Filosofía de la Historia -- La Condición Simbólica de la Impresión del Universo -- El Alma y la vida -- El formalismo simbolico de la ciencia -- El hombre en el Mundo -- Vida Agraria y Vid aUrbana -- Problemas Principales de la Cultura Arabica -- Los pueblos y sus mutaciones Organicas...
650 _aFilosofía
_9395
650 _aFilosofía Simbólica
_917142
650 _aFilosofía Simbólica
_917142
942 _2ddc
_cLIBROS
945 _arah
_d16/04/2019